| 000 | 02284nkm0a2200433 4500 | ||
|---|---|---|---|
| 001 | RU\NLR\BIBL_A\011965048 | ||
| 005 | 20260628180838.0 | ||
| 035 | _a(NLR Aleph) 011965048 | ||
| 090 |
_a13740415 _c13740415 |
||
| 100 | _a20190320f19001906u y0rusy50 ca | ||
| 101 | 0 | _arus | |
| 102 | _aRU | ||
| 116 | _afiybxx xx ae | ||
| 135 | _acrcn 024anaba | ||
| 200 | 1 |
_aГр. Витте: "Я им дал попробовать, а они - обжоры чуть все не слопали" _bИзоматериал _eоткрытое письмо |
|
| 210 |
_a[Б. м. _cб. и. _dмежду 1900 и 1906] |
||
| 215 |
_a1 л. _cфотография _d8,7х13,8 |
||
| 325 | _aКопия доступна в Электрон. б-ке РНБ | ||
| 600 | 1 |
_aВитте _bС. Ю. _f1849 - 1915 _gСергей Юльевич _jОткрытки _xв карикатуре _92428032 _3RU\NLR\AUTH\6601663768 |
|
| 606 | 1 |
_aПочтовые открытки маркированные художественные _yРоссия _z1895 - 1917 _92195710 _3RU\NLR\AUTH\6601555036 |
|
| 606 | 1 |
_aФотографические открытки _92151039 _3RU\NLR\AUTH\661600135 |
|
| 606 | 1 |
_aКарикатура русская _jОткрытки _z20 в. _9962925 _3RU\NLR\AUTH\66359977 |
|
| 606 | 1 |
_aПолитическая карикатура _jОткрытки _z20 в. _92404165 _3RU\NLR\AUTH\661432902 |
|
| 610 | 1 | _aПортретные открытки | |
| 686 | 0 | _aЩ153(2Р=Рус)53-489 | |
| 702 | 1 |
_4570 _7ca _8rus _aВитте _bС. Ю. _f1849-1915 _gСергей Юльевич _9112761 _3RU\NLR\AUTH\772753 |
|
| 830 | _aГраница датировки открытки: 1906 - по году ухода Витте в отставку. А.Я. ОЭст | ||
| 852 | 0 | 0 |
_aNLR _bЭ _jОИр580к/301 _mЭот99546 |
| 856 | 0 | _uhttp://vivaldi.nlr.ru/lo000071978/view | |
| 856 | 1 | _uhttp://vivaldi.nlr.ru/lo000071978/cover | |
| 856 | 2 | _uhttp://vivaldi.nlr.ru/lo000071978/text | |
| 942 | _cVISUAL | ||
| 980 | _aNB | ||
| 981 | 1 | 7 |
_a(17) Изографические материалы _b(17) Открытки |